000 00326nam a2200133 i 4500
001 bg
100 1 _aWHITE, Harry
245 0 _aEntstaubung industrieller Gusse mit Elektrofiltern /
_cHarry White.
260 _aLeipzig,
_c1969.
040 _cBPK
041 _apol
942 _cKS
008 s pl f |000 0 pol
999 _c15597
_d15597
856 _uhttp://koha.tu.koszalin.pl/cgi-bin/koha/opac-detail.pl?biblionumber=15597
_yKatalog online BPK